Football - Les 30 joueurs avec la plus haute valeur marchande - Statistiques

Statistiques générales
  • Ce quiz a été pris 146 fois
  • Le résultat moyen est 20 sur 30
Statistiques - réponses
Rang Nationalité Âge Valeur Marchande Joueurs % Correct
4 France 25 180 000 000 € Kylian Mbappé
99%
2 Norvège 24 180 000 000 € Erling Haaland
97%
1 Angleterre 21 180 000 000 € Jude Bellingham
95%
3 Brésil 24 180 000 000 € Vinicius Junior
93%
10 Espagne 17 120 000 000 € Lamine Yamal
88%
19 Angleterre 31 100 000 000 € Harry Kane
84%
8 Allemagne 21 130 000 000 € Jamal Musiala
84%
5 Angleterre 24 150 000 000 € Phil Foden
83%
13 Brésil 23 110 000 000 € Rodrygo
81%
7 Allemagne 21 130 000 000 € Florian Wirtz
79%
15 Norvège 25 110 000 000 € Martin Odegaard
77%
9 Espagne 28 130 000 000 € Rodri
76%
6 Angleterre 22 140 000 000 € Bukayo Saka
74%
11 Uruguay 26 120 000 000 € Federico Valverde
71%
18 Nigeria 25 100 000 000 € Victor Osimhen
68%
17 France 24 100 000 000 € Aurélien Tchouameni
64%
12 Angleterre 25 120 000 000 € Declan Rice
64%
24 Espagne 21 80 000 000 € Pedri
64%
21 Argentine 24 90 000 000 € Julian Alvarez
63%
16 France 21 100 000 000 € Eduardo Camavinga
62%
20 Espagne 20 90 000 000 € Gavi
61%
14 Argentine 27 110 000 000 € Lautaro Martinez
61%
22 Portugal 25 90 000 000 € Rafael Leao
51%
26 Pays-Bas 21 80 000 000 € Xavi Simons
48%
25 Angleterre 22 80 000 000 € Cole Palmer
44%
28 France 23 80 000 000 € William Saliba
44%
27 Géorgie 23 80 000 000 € Khvicha Kvaratskhelia
40%
30 Italie 27 80 000 000 € Nicolo Barella
38%
29 Portugal 27 80 000 000 € Ruben Dias
36%
23 Brésil 26 85 000 000 € Bruno Guimaraes
22%
Aucun quiz correspondant
Distribution des résultats
% des personnes avec chaque résultat
Percentile par nombre de réponses
Votre historique - résultats
Vous n’avez pas pris ce quiz